Aminosäuren - 1-Buchstaben Code - Statistiken

Allgemein
  • Dieses Quiz wurde 203 mal gespielt
  • Das Durchschnittsergebnis liegt bei 18 aus 20
Antwortstatistiken
3-Buchstabencode Aminosäure Einbuchstabencode % Korrekt
Ala Alanin A
100%
Gly Glycin G
99%
Pro Prolin P
97%
Cys Cystein C
96%
His Histin H
96%
Ile Isoleucin I
96%
Ser Serin S
96%
Val Valin V
96%
Leu Leucin L
94%
Tyr Tyrosin Y
94%
Met Methionin M
92%
Arg Arginin R
92%
Thr Threorin T
92%
Trp Tryptophan W
86%
Phe Phenylalanin F
85%
Lys Lysin K
84%
Asn Asparagin N
82%
Asp Asparaginsäure D
80%
Gln Glutamin Q
80%
Glu Glutaminsäure E
78%
Keine übereinstimmenden Quizze gefunden
Verteilung der Resultate
Anzahl Personen mit jedem Resultat
Perzentil nach korrekt beantworteten Fragen
Ihre Resultats-Entwicklung
Sie haben dieses Quiz noch nicht gespielt